000 nam a22 7a 4500
999 _c8885
_d8885
008 180120b ||||| |||| 00| 0 eng d
100 _aPurang Y.P
_95202
245 _aAPC Composite science
260 _aNew Delhi
_bArya Publication
_c2008